000 00707nam a22002177a 4500
003 OSt
005 20230726105629.0
008 221006b |||||||| |||| 00| 0 eng d
040 _cBiblioteca Lado V
082 _a708
_bA615f
110 _9918
_aAnnina Nosei Gallery
_eautor
245 _aFor You by Liliana Porter/
260 _bAnnina Nosei Gallery
_c1999
_aNew York
300 _c24x25cm
_a2p.
366 _espa
650 _2Tesauro de Arte & Arquitectura
_aARTE
_9703
650 _2Tesauro de Arte & Arquitectura
_aEXPOSICION
_9702
650 _2Tesauro de Arte & Arquitectura
_aFOLLETO
651 _2Tesauro de Arte & Arquitectura
_aARGENTINA
942 _2ddc
_c1
_h708
_iA615f
_n0
999 _c4096
_d4096